000 00776nam a22002177a 4500
003 OSt
005 20251104030857.0
008 251103b |||||||| |||| 00| 0 eng d
020 _a978-971-06-5926-5
040 _aDWCL - Main Lib
_cOC
082 _210th
_aRes. 820 L313e 2023
100 _aLapid, Milagros G.
245 _aECAS 9 :
_bEnglish Communication Arts and Skills through Anglo-American Literature /
_cMilagros G. Lapid and Josephine B. Serrano
250 _a10th
260 _aQuezon City, Philippines :
_bPhoenix Publishing House,
_cc2023.
300 _axx, 324 pages :
_billustrations ;
_c25cm.
650 _a1. Anglo-American Literature
650 _a2. Philippine Literature
700 _aI. Josephine B. Serrano
942 _2ddc
_cBK-0 CIRC
_e10th
_mRes.
_n0
999 _c5417
_d5417